[Event "Abakan Khakassia-ch"]
[Site "Abakan"]
[Date "2014.03.02"]
[Round "9"]
[White "Malyshev, Sergey"]
[Black "Posvalyuk, Viacheslav"]
[Result "1-0"]
[WhiteElo "2248"]
[BlackElo "2115"]
[PlyCount "65"]
[EventDate "2014.02.22"]
[EventType "swiss"]
[EventRounds "9"]
[EventCountry "RUS"]
[SourceTitle "CBM 159 Extra"]
[Source "ChessBase"]
[SourceDate "2014.04.24"]
[SourceVersion "1"]
[SourceVersionDate "2014.04.24"]
[SourceQuality "1"]

1. b3 e5 2. Bb2 Nc6 3. e3 d5 4. Bb5 Qg5 5. Qf3 Bd6 6. h4 Qg6 7. d3 Nge7 8. h5 Qg4 9. Qxg4 Bxg4 10. h6 g6 11. Nc3 Be6 12. Nf3 f6 13. 0-0-0 0-0-0 14. e4 d4 15. Ne2 a6 16. Bxc6 Nxc6 17. c3 dxc3 18. Bxc3 Ba3+ 19. Kb1 Bg4 20. d4 Rhe8 21. d5 Na7 22. Rh4 f5 23. Rd2 Bxf3 24. gxf3 fxe4 25. fxe4 c6 26. Rh3 Nb5 27. Ba1 Nd6 28. f3 cxd5 29. Rxd5 Nf5 30. Rxd8+ Rxd8 31. exf5 Rd1+ 32. Kc2 Rxa1 33. fxg6 1-0

[Event "Abakan op"]
[Site "Abakan"]
[Date "2013.12.08"]
[Round "9"]
[White "Malyshev, Sergey"]
[Black "Posvalyuk, Viacheslav"]
[Result "1/2-1/2"]
[WhiteElo "2248"]
[BlackElo "2080"]
[PlyCount "68"]
[EventDate "2013.11.30"]
[EventType "swiss"]
[EventRounds "9"]
[EventCountry "RUS"]
[SourceTitle "EXT 2015"]
[Source "ChessBase"]
[SourceDate "2014.11.20"]
[SourceVersion "1"]
[SourceVersionDate "2014.11.20"]
[SourceQuality "1"]

1. e4 d6 2. d4 Nf6 3. Bd3 g6 4. Nf3 Bg7 5. 0-0 0-0 6. e5 dxe5 7. dxe5 Nd5 8. Qe2 c6 9. c4 Nc7 10. Rd1 Nd7 11. Bf4 Ne6 12. Bg3 Qb6 13. Qc2 Qc5 14. Nc3 Nxe5 15. Nxe5 Bxe5 16. Na4 Qa5 17. b4 Qc7 18. Re1 Bxg3 19. hxg3 c5 20. a3 b6 21. Nc3 Nd4 22. Qd1 Bb7 23. Qg4 f5 24. Qh4 e5 25. Re3 e4 26. f3 Qg7 27. fxe4 fxe4 28. Bxe4 Bxe4 29. Qxe4 Rae8 30. Qxe8 Rxe8 31. Rxe8+ Kf7 32. Re3 Nf5 33. Rd3 Qe5 34. Rf1 Kg7 1/2-1/2

[Event "Abakan op"]
[Site "Abakan"]
[Date "2013.12.06"]
[Round "7"]
[White "Malyshev, Sergey"]
[Black "Malezkey, Vladimir"]
[Result "1-0"]
[WhiteElo "2248"]
[BlackElo "2066"]
[PlyCount "35"]
[EventDate "2013.11.30"]
[EventType "swiss"]
[EventRounds "9"]
[EventCountry "RUS"]
[SourceTitle "EXT 2015"]
[Source "ChessBase"]
[SourceDate "2014.11.20"]
[SourceVersion "1"]
[SourceVersionDate "2014.11.20"]
[SourceQuality "1"]

1. b3 Nf6 2. Bb2 b6 3. e3 Bb7 4. f4 d6 5. Nf3 Nbd7 6. Be2 g6 7. 0-0 Bg7 8. Qe1 0-0 9. d3 a5 10. a4 d5 11. Nbd2 c5 12. Qh4 e6 13. Qh3 d4 14. exd4 Nd5 15. Ne5 cxd4 16. Bxd4 Nb4 17. Rac1 Rc8 18. Ndc4 1-0

[Event "Abakan op"]
[Site "Abakan"]
[Date "2013.12.03"]
[Round "4"]
[White "Malyshev, Sergey"]
[Black "Shoev, Kirill"]
[Result "1/2-1/2"]
[WhiteElo "2248"]
[BlackElo "2269"]
[PlyCount "23"]
[EventDate "2013.11.30"]
[EventType "swiss"]
[EventRounds "9"]
[EventCountry "RUS"]
[SourceTitle "EXT 2015"]
[Source "ChessBase"]
[SourceDate "2014.11.20"]
[SourceVersion "1"]
[SourceVersionDate "2014.11.20"]
[SourceQuality "1"]

1. d4 Nf6 2. c4 e6 3. Nf3 d5 4. g3 dxc4 5. Qa4+ Bd7 6. Qxc4 Bc6 7. Bg2 Bd5 8. Qc2 Be4 9. Qb3 Bd5 10. Qc2 Be4 11. Qb3 Bd5 12. Qc2 1/2-1/2

[Event "Novokuznetsk Siberia-ch"]
[Site "Novokuznetsk"]
[Date "2013.03.24"]
[Round "4"]
[White "Vinogradov, Anatoly"]
[Black "Malyshev, Sergey"]
[Result "1/2-1/2"]
[WhiteElo "2060"]
[BlackElo "2247"]
[PlyCount "62"]
[EventDate "2013.03.21"]
[EventType "swiss"]
[EventRounds "9"]
[EventCountry "RUS"]
[SourceTitle "CBM 153 Extra"]
[Source "ChessBase"]
[SourceDate "2013.04.22"]
[SourceVersion "1"]
[SourceVersionDate "2013.04.22"]
[SourceQuality "1"]

1. d4 Nf6 2. c4 e6 3. Nc3 Bb4 4. Qb3 Qe7 5. Bd2 0-0 6. Nf3 d5 7. a3 Bxc3 8. Bxc3 dxc4 9. Qxc4 b6 10. Bb4 c5 11. dxc5 a5 12. Bc3 Ba6 13. Qh4 bxc5 14. e3 Bxf1 15. Kxf1 Nbd7 16. Ke2 e5 17. Rhd1 e4 18. Ng5 Rfe8 19. Rxd7 Qxd7 20. Bxf6 gxf6 21. Nxh7 Qb5+ 22. Ke1 Kg7 23. Nxf6 Re5 24. Ng4 Re6 25. Qg5+ Kf8 26. Nf6 Qxb2 27. Nh7+ Ke8 28. Qg8+ Ke7 29. Qg5+ Ke8 30. Qg8+ Ke7 31. Qg5+ Ke8 1/2-1/2

[Event "Novokuznetsk Siberia-ch"]
[Site "Novokuznetsk"]
[Date "2013.03.21"]
[Round "1"]
[White "Malyshev, Sergey"]
[Black "Spirin, Alexandr"]
[Result "1-0"]
[WhiteElo "2247"]
[BlackElo "1950"]
[PlyCount "37"]
[EventDate "2013.03.21"]
[EventType "swiss"]
[EventRounds "9"]
[EventCountry "RUS"]
[SourceTitle "CBM 153 Extra"]
[Source "ChessBase"]
[SourceDate "2013.04.22"]
[SourceVersion "1"]
[SourceVersionDate "2013.04.22"]
[SourceQuality "1"]

1. e4 Nc6 2. Nf3 d6 3. d4 Bg4 4. d5 Bxf3 5. Qxf3 Ne5 6. Qb3 Qc8 7. f4 Nd7 8. Be3 Ngf6 9. Nc3 g6 10. Bb5 Bg7 11. e5 dxe5 12. fxe5 Ng4 13. e6 fxe6 14. dxe6 c6 15. exd7+ Qxd7 16. 0-0 0-0-0 17. Bc4 Qd6 18. Be6+ Kb8 19. Bxg4 1-0

[Event "Khakasia-ch"]
[Site "Abakan"]
[Date "2013.02.22"]
[Round "1"]
[White "Malyshev, Sergey"]
[Black "Tzigelnik, Evgeniy"]
[Result "1-0"]
[WhiteElo "2247"]
[BlackElo "1967"]
[PlyCount "73"]
[EventDate "2013.02.22"]
[EventType "swiss"]
[EventRounds "9"]
[EventCountry "RUS"]
[SourceTitle "CBM 153 Extra"]
[Source "ChessBase"]
[SourceDate "2013.04.22"]
[SourceVersion "1"]
[SourceVersionDate "2013.04.22"]
[SourceQuality "1"]

1. e4 e5 2. Nf3 Nc6 3. Bb5 a6 4. Ba4 Nf6 5. 0-0 Be7 6. Bxc6 dxc6 7. d3 Nd7 8. Nbd2 0-0 9. Nc4 f6 10. Ne3 Nc5 11. h4 Qe8 12. Nh2 Ne6 13. Nf5 Nd4 14. g4 Be6 15. Be3 c5 16. h5 Nxf5 17. exf5 Bd5 18. Nf3 b5 19. Nd2 Rd8 20. Qe2 Bb7 21. f3 h6 22. Qf2 Qc6 23. Ne4 Rd5 24. a4 Rfd8 25. Rfd1 c4 26. axb5 axb5 27. d4 b4 28. Kg2 exd4 29. Rxd4 Rxd4 30. Bxd4 Qd5 31. c3 b3 32. Ra7 Ra8 33. Rxa8+ Bxa8 34. Bc5 Bd6 35. Bxd6 cxd6 36. Qa7 Kh7 37. Nxf6+ 1-0

[Event "Abaza op"]
[Site "Abaza"]
[Date "2011.07.16"]
[Round "1"]
[White "Bugaev, AI."]
[Black "Malyshev, Sergey"]
[Result "0-1"]
[WhiteElo "1956"]
[BlackElo "2266"]
[PlyCount "96"]
[EventDate "2011.07.16"]
[EventType "swiss"]
[EventRounds "9"]
[EventCountry "RUS"]
[SourceTitle "EXT 2012"]
[Source "ChessBase"]
[SourceDate "2011.11.24"]
[SourceVersion "1"]
[SourceVersionDate "2011.11.24"]
[SourceQuality "1"]

1. e4 Nf6 2. Nc3 d5 3. exd5 Nxd5 4. Bc4 e6 5. a3 Nxc3 6. bxc3 c5 7. Nf3 Bd6 8. d4 Qc7 9. Bb5+ Nc6 10. 0-0 0-0 11. Re1 Bd7 12. d5 exd5 13. Qxd5 Nb4 14. cxb4 Bxb5 15. h3 Bc6 16. Qb3 cxb4 17. axb4 Bxf3 18. gxf3 Qd7 19. f4 Qf5 20. Ra5 b5 21. Rd1 Qg6+ 22. Kf1 a6 23. f5 Qf6 24. Bb2 Be5 25. Bxe5 Qxe5 26. Qf3 Rfc8 27. Rd5 Qb2 28. Rc5 Qxb4 29. Rxc8+ Rxc8 30. Rxa6 Qb1+ 31. Kg2 Qxc2 32. f6 Qg6+ 33. Qg3 Qxg3+ 34. Kxg3 Rb8 35. fxg7 b4 36. Ra2 b3 37. Rb2 Kxg7 38. h4 Kg6 39. Kg4 Rb4+ 40. Kg3 Kh5 41. f3 Kg6 42. Kh3 Kf5 43. Kg3 Rb5 44. Kg2 Kf4 45. Kf2 h5 46. Ke2 Kg3 47. Ke3 Kxh4 48. f4 Kg3 0-1

[Event "Izmailov Memorial op 15th"]
[Site "Tomsk"]
[Date "2011.06.03"]
[Round "3"]
[White "Malyshev, Sergey"]
[Black "Zablotsky, Sergei"]
[Result "0-1"]
[WhiteElo "2311"]
[BlackElo "2535"]
[PlyCount "64"]
[EventDate "2011.06.01"]
[EventType "swiss"]
[EventRounds "9"]
[EventCountry "RUS"]
[SourceTitle "EXT 2013"]
[Source "ChessBase"]
[SourceDate "2012.11.22"]
[SourceVersion "1"]
[SourceVersionDate "2012.11.22"]
[SourceQuality "1"]

1. e4 c5 2. Nf3 Nc6 3. Bb5 e6 4. Bxc6 dxc6 5. Nc3 Ne7 6. d3 Ng6 7. e5 Qc7 8. Qe2 f6 9. exf6 gxf6 10. Ne4 Be7 11. Qe3 e5 12. Qh6 Be6 13. h4 0-0-0 14. h5 Bf8 15. Qd2 Nf4 16. Qc3 Nd5 17. Qb3 f5 18. Neg5 Bg8 19. h6 a5 20. Bd2 b6 21. c4 Nb4 22. Bxb4 cxb4 23. 0-0-0 Qd6 24. a3 Kb7 25. axb4 axb4 26. Kc2 Qc5 27. Rd2 b5 28. Ra1 bxc4 29. Qa4 cxd3+ 30. Kd1 Bxh6 31. Nxe5 Bxg5 32. Qa6+ Kc7 0-1

[Event "Izmailov Memorial op 15th"]
[Site "Tomsk"]
[Date "2011.06.02"]
[Round "2"]
[White "Likhanov, Igor"]
[Black "Malyshev, Sergey"]
[Result "0-1"]
[WhiteElo "1955"]
[BlackElo "2311"]
[PlyCount "88"]
[EventDate "2011.06.01"]
[EventType "swiss"]
[EventRounds "9"]
[EventCountry "RUS"]
[SourceTitle "EXT 2013"]
[Source "ChessBase"]
[SourceDate "2012.11.22"]
[SourceVersion "1"]
[SourceVersionDate "2012.11.22"]
[SourceQuality "1"]

1. c4 Nf6 2. Nf3 e6 3. d4 Bb4+ 4. Bd2 Qe7 5. a3 Bxd2+ 6. Nbxd2 d6 7. e4 e5 8. d5 0-0 9. Be2 c6 10. 0-0 a5 11. b4 Bd7 12. Qb3 axb4 13. axb4 Na6 14. Qb2 Bg4 15. dxc6 bxc6 16. c5 Bxf3 17. Nxf3 Nc7 18. cxd6 Qxd6 19. Qxe5 Qd7 20. Rxa8 Nxa8 21. Qd4 Qb7 22. Rd1 Nc7 23. Bc4 Nb5 24. Qe3 Nxe4 25. Bxb5 cxb5 26. h3 h6 27. Ne5 Re8 28. Rd7 Qc8 29. Qb3 Qc1+ 30. Rd1 Qf4 31. Nf3 Rc8 32. Qd3 Rc4 33. Rb1 Qf5 34. Qd8+ Kh7 35. Qd3 Rc3 36. Qd1 Qf4 37. Qe2 Rc4 38. Qd3 f5 39. Qe3 Qd6 40. Qb3 Nc3 41. Rb2 Qf4 42. Rd2 Rxb4 43. g3 Rxb3 44. gxf4 Ne4 0-1

[Event "Sibiria Region-ch"]
[Site "Barnaul"]
[Date "2011.05.28"]
[Round "9"]
[White "Malyshev, Sergey"]
[Black "Puraev, Artemiy"]
[Result "1/2-1/2"]
[WhiteElo "2311"]
[BlackElo "2220"]
[PlyCount "27"]
[EventDate "2011.05.20"]
[EventType "swiss"]
[EventRounds "9"]
[EventCountry "RUS"]
[SourceTitle "EXT 2012"]
[Source "ChessBase"]
[SourceDate "2011.11.24"]
[SourceVersion "1"]
[SourceVersionDate "2011.11.24"]
[SourceQuality "1"]

1. e4 e6 2. d4 d5 3. Nc3 Nf6 4. e5 Nfd7 5. f4 c5 6. Nf3 Nc6 7. Be3 Qb6 8. a3 cxd4 9. Nxd4 Nxd4 10. Bxd4 Bc5 11. Na4 Qa5+ 12. c3 Bxd4 13. Qxd4 b6 14. Qb4 1/2-1/2

[Event "Sibiria Region-ch"]
[Site "Barnaul"]
[Date "2011.05.26"]
[Round "7"]
[White "Malyshev, Sergey"]
[Black "Samdanov, Samdan"]
[Result "1-0"]
[WhiteElo "2311"]
[BlackElo "2139"]
[PlyCount "61"]
[EventDate "2011.05.20"]
[EventType "swiss"]
[EventRounds "9"]
[EventCountry "RUS"]
[SourceTitle "EXT 2012"]
[Source "ChessBase"]
[SourceDate "2011.11.24"]
[SourceVersion "1"]
[SourceVersionDate "2011.11.24"]
[SourceQuality "1"]

1. e4 c5 2. Nf3 d6 3. d4 cxd4 4. Nxd4 Nf6 5. Nc3 a6 6. h3 e6 7. g4 Be7 8. Be3 Nc6 9. Qe2 Nd7 10. 0-0-0 0-0 11. h4 Nxd4 12. Bxd4 b5 13. g5 b4 14. Nb1 Bb7 15. f4 Qa5 16. a3 bxa3 17. Nxa3 d5 18. Rh3 dxe4 19. Bxg7 Rfd8 20. Bd4 Rac8 21. Bg2 Qc7 22. Kb1 Qxf4 23. Rf1 Qd6 24. Bc3 Qc6 25. Rxf7 Kxf7 26. Qh5+ Kf8 27. Qxh7 e5 28. Bxe4 Qxe4 29. g6 Bd5 30. g7+ Ke8 31. Qh5+ 1-0

[Event "Khakassia-ch op"]
[Site "Abakan"]
[Date "2010.02.26"]
[Round "7"]
[White "Malyshev, Sergey"]
[Black "Malezkey, Vladimir"]
[Result "0-1"]
[WhiteElo "2257"]
[BlackElo "2087"]
[PlyCount "100"]
[EventDate "2010.02.20"]
[EventType "swiss"]
[EventRounds "9"]
[EventCountry "RUS"]
[SourceTitle "EXT 2023"]
[Source "ChessBase"]
[SourceDate "2022.10.05"]
[SourceVersion "1"]
[SourceVersionDate "2022.10.05"]
[SourceQuality "1"]

1. e4 e5 2. Nf3 Nc6 3. Bb5 a6 4. Ba4 Nf6 5. 0-0 Be7 6. Bxc6 dxc6 7. d3 Bg4 8. h3 Bxf3 9. Qxf3 0-0 10. Nc3 Qd6 11. Be3 c5 12. Qg3 Nh5 13. Qg4 g6 14. a4 b6 15. Nd5 Bd8 16. Bh6 Ng7 17. f4 c6 18. Nc3 exf4 19. Kh1 Ra7 20. Bxf4 Qe6 21. Qf3 f6 22. a5 b5 23. Qe3 Qe7 24. Bh2 Nf5 25. Qd2 Nd4 26. Bg1 Rd7 27. Ne2 Bc7 28. Nxd4 cxd4 29. c3 Be5 30. c4 bxc4 31. dxc4 c5 32. Rf3 Rb8 33. b3 Rdb7 34. Qd3 Kg7 35. Bf2 Rxb3 36. Qxb3 Rxb3 37. Rxb3 Qe6 38. Rb7+ Kh6 39. Rc1 Qc6 40. Rb6 Qxe4 41. Re1 Qf4 42. Bg1 Qd2 43. Re4 Kg5 44. Rb1 h5 45. Ree1 Qxa5 46. Ra1 Qb6 47. Reb1 Qe6 48. Ra4 h4 49. Rba1 Kh5 50. Rxa6 Qxc4 0-1

[Event "Khakassia-ch op"]
[Site "Abakan"]
[Date "2010.02.20"]
[Round "1"]
[White "Kostojakov, Petr"]
[Black "Malyshev, Sergey"]
[Result "0-1"]
[WhiteElo "1786"]
[BlackElo "2257"]
[PlyCount "74"]
[EventDate "2010.02.20"]
[EventType "swiss"]
[EventRounds "9"]
[EventCountry "RUS"]
[SourceTitle "EXT 2023"]
[Source "ChessBase"]
[SourceDate "2022.10.05"]
[SourceVersion "1"]
[SourceVersionDate "2022.10.05"]
[SourceQuality "1"]

1. e4 Nf6 2. e5 Nd5 3. Bc4 Nb6 4. Bb3 c5 5. d3 d5 6. c3 Nc6 7. Qe2 Bf5 8. Bf4 e6 9. h3 g5 10. Bg3 Bg7 11. Nf3 Qc7 12. d4 cxd4 13. cxd4 g4 14. hxg4 Bxg4 15. Nbd2 Nxd4 16. Qd3 Nxb3 17. Qb5+ Qc6 18. Qxb3 Qa4 19. 0-0 Qxb3 20. Nxb3 Bxf3 21. gxf3 0-0 22. Nd4 a6 23. b3 Rfc8 24. Rac1 Bf8 25. Bf4 Nd7 26. Bg3 Ba3 27. Rc2 Rxc2 28. Nxc2 Bb2 29. f4 Rc8 30. Ne3 Nc5 31. f5 Nd3 32. f4 Bd4 33. Rf3 Rc3 34. Kh2 Nxe5 35. fxe5 Rxe3 36. Rxe3 Bxe3 37. fxe6 fxe6 0-1

[Event "Abaza op"]
[Site "Abaza"]
[Date "2008.07.20"]
[Round "8"]
[White "Malyshev, Sergey"]
[Black "Chernov, Mikhail"]
[Result "1-0"]
[WhiteElo "2259"]
[BlackElo "1950"]
[PlyCount "103"]
[EventDate "2008.07.20"]
[EventType "swiss"]
[EventRounds "9"]
[EventCountry "RUS"]
[SourceTitle "EXT 2022"]
[Source "ChessBase"]
[SourceDate "2021.10.06"]
[SourceVersion "1"]
[SourceVersionDate "2021.10.06"]
[SourceQuality "1"]

1. e4 c5 2. Nf3 d6 3. d4 cxd4 4. Nxd4 Nf6 5. Nc3 a6 6. Be2 e5 7. Nb3 Be7 8. g4 h6 9. f4 Nh7 10. 0-0 0-0 11. Be3 exf4 12. Bxf4 Nf6 13. Bf3 Nc6 14. h3 Ne5 15. Bg2 Qb6+ 16. Qd4 Qxd4+ 17. Nxd4 b5 18. Nd5 Nxd5 19. exd5 Bf6 20. Rad1 g5 21. Bg3 Kg7 22. b3 Bd7 23. Nc6 Rac8 24. Bxe5 Bxe5 25. c4 bxc4 26. bxc4 Bxc6 27. dxc6 f6 28. Rb1 Rc7 29. Rb7 Rfc8 30. Bd5 Kf8 31. Kg2 Ke7 32. Rfb1 Bd4 33. Be4 Kd8 34. Bf5 Rxb7 35. cxb7 Rb8 36. Bc8 Rxc8 37. bxc8Q+ Kxc8 38. Kf3 Kc7 39. Ke4 Be5 40. Kd5 Bc3 41. Rb3 Bd2 42. Rf3 Bf4 43. h4 a5 44. h5 Kd7 45. Rb3 Kc7 46. Rb5 a4 47. Ra5 Be5 48. Rxa4 f5 49. gxf5 g4 50. Ke4 g3 51. Kf3 Kc6 52. Ra5 1-0